000 01759cam a2200481 a 4500
001 21747
003 VRT
005 20260309113651.0
008 240318s2011 xo a b 000 jdslo
015 _aSNBA2012/02-01158
020 _a9788081121289
_q(viaz.)
035 _aA87B3310-A699-485B-940C-0809B171B7FC
035 _aurn:nbn:sk:snk-amjxov
035 _aurn:nbn:sk:snk-am0080f1
039 9 _a202403181704
_bVLOAD
_c202403131542
_dAUTHORITY
_c201611141151
_dAUTHORITY
_c201511121721
_dVLOAD
040 _aPPPK
_bslo
_cPPPK
_dSNK
_eAACR2
041 1 _aslo
_hrus
044 _axo
_cSK
072 7 _a821.17
_xBaltské literatúry
_2konspekt
072 7 _a821-93
_xLiteratúra pre deti a mládež (beletria)
_2konspekt
080 _a821.172-32
_22001
080 _a821-93
_22001
100 1 _aJovaišiene, Brigita,
_d1976-
_4aut
245 1 0 _aŠteniatko Vinco na ceste okolo sveta
_cBrigita Jovaišiene, ilustroval Daniel Howarth ; [preklad z ruštiny: Iveta Cimprichová]
250 _a1. vyd.
260 _aBratislava
_bSlovart Print
_cc2011
300 _a103 s.
_bfareb. ilustr.
_c26 cm
500 _aBiogr. údaje
655 7 _alitovské príbehy
_2SNKPH
655 7 _apublikácie pre deti
_2SNKPH
655 7 _aLithuanian stories
_2SNKPHeng
655 7 _aChildren's literature
_2SNKPHeng
700 1 _aHowarth, Daniel
_4ill
700 1 _aCimprichová, Iveta
_4trl
942 _2ddc
_cKLDE
_n0
949 _63869A19894
_abpksh821.172-34
_bbpksh60188
949 _617A0795833
_asnkSB 82312
_bsnk2012/610
_o76/12
_s6100:20140925
949 _617A0795832
_asnkSB 82312 D1
_bsnk2012/611
_o76/12
949 _62889186948
_asavukPV 16632
_bsavuk2012/3300
949 _6273K0560683
_asvkpoC 53287
_bsvkpo561562
980 _a821.172-93
980 _a821.172-32
999 _c21747
_d21747